| Tag |
First Indicator |
Second Indicator |
Subfields |
| LEADER |
00000cam a2200000 4500 |
| 001 |
in00000096908 |
| 005 |
20150925090604.0 |
| 008 |
750410s1963 eng u |
| 010 |
|
|
|a 64009826
|
| 035 |
|
|
|a (OCoLC)01265985
|
| 035 |
|
|
|9 AAL2623AM
|
| 040 |
|
|
|c AED
|d TXA
|d UtOrBLW
|
| 049 |
|
|
|a TXAM
|c 1 [421495]
|c 2 [405094]
|
| 050 |
0 |
0 |
|a TN279
|b .L314
|
| 082 |
0 |
|
|a 622.23
|
| 100 |
1 |
|
|a Langefors, U.
|
| 245 |
1 |
4 |
|a The modern technique of rock blasting /
|c by U. Langefors and B. Kihlstrom.
|
| 264 |
|
1 |
|a New York :
|b Wiley,
|c [1963]
|
| 300 |
|
|
|a 405 pages :
|b illustrations, portrait, diagrams, tables. ;
|c 24 cm.
|
| 336 |
|
|
|a text
|b txt
|2 rdacontent
|
| 337 |
|
|
|a unmediated
|b n
|2 rdamedia
|
| 338 |
|
|
|a volume
|b nc
|2 rdacarrier
|
| 504 |
|
|
|a Bibliography: pages 366-374.
|
| 650 |
|
0 |
|a Blasting.
|
| 700 |
1 |
|
|a Kihlström, Björn.
|
| 999 |
|
|
|a MARS
|
| 999 |
f |
f |
|s 66ed568e-feca-3c3a-a04e-288b736e8703
|i 62260e97-483a-367f-8356-1f1d8724a2e3
|t 0
|
| 952 |
f |
f |
|p ric
|a Texas A&M University
|b Rellis Campus
|c Joint Library Facility
|d Remote Storage
|t 0
|e TN279 .L314
|h Library of Congress classification
|i unmediated -- volume
|m A14805575497
|
| 998 |
f |
f |
|a TN279 .L314
|t 0
|l Remote Storage
|